00487nam a2200181 a 4500001001300000003000900013005001700022008004100039020002300080082001900103100002200122245002600144260005000170500003500220505001200255650001600267700002200283nice12345678IN_TiNIC20260116013318.0050524s1998 newa grp 000 0 eng  a817596X c15000a305.40954bFOR aForbes, Geraldine aWomen in Modern India aNew Delhi bCambridge University Press c1998 aincludes index and biblioraphy2 aIndices aWomen-India1 aForbes, Geraldine